• 首页
  • 本馆介绍
  • 公告通知
  • 最新文献
  • 馆藏检索
  • 电子资源
  • 读者导购
  • 参考咨询
  • 我的图书馆
  • 登录
  • 详细信息显示
  • 放入我的书架
  • 预约/预借图书
  • 作者相关作品
  • 分类相关作品
  • 丛书相关作品
  • 出版社相关作品

书目信息

  • 表格格式
  • 工作单格式
  • 卡片格式
题名:
数字系统控制理论及应用
    
 
作者: 成田诚之助 著 ;张贤达 译
分册:  
出版信息: 北京   机械工业出版社  1984
页数: 335页
开本: 21cm
丛书名:
单 册:
中图分类: TP271
科图分类:
主题词: 数字系统-控制系统理论 , 控制系统理论-数字系统
电子资源:
ISBN:
000 00781nam0 2200265 45
001 0184016701
005 20040519161631.0
010    @dCNY2.10
091    @a15033.5556
100    @a19950706d1984 em y0chiy0121 ea
101 1  @achi@cjpn
102    @aCN@b110000
105    @ay z 000yy
106    @ar
200 10 @a数字系统控制理论及应用@Ashu zi xi tong kong zhi li lun ji ying yong@f(日)成田诚之助著@g张贤达译
210    @a北京@c机械工业出版社@d1984
215    @a335页@d21cm
606    @a数字系统-控制系统理论
606    @a控制系统理论-数字系统
690    @aTP271@v3
701  0 @a成田诚之助@Acheng tian cheng zhi zhu@f日@4著
702  0 @a张贤达@Azhang xian da@4译
801  0 @aCN@b上海图书馆@c20040519
801  2 @aCN@bNLC@c20040519
905    @f1@b136566@dTP271@e17
    
    数字系统控制理论及应用/(日)成田诚之助著/张贤达译.-北京:机械工业出版社,1984
    335页;21cm
    
    
    ISBN :CNY2.10
    
●
相关链接 在E读中查询图书 在五车中查询图书 在当当中查询图书 在豆瓣中查询图书


正题名:数字系统控制理论及应用     索取号:TP271/17         预约/预借

序号 登录号 条形码 馆藏地/架位号 状态 备注
1 0136566   001697337   第三借阅区/ [索取号:TP271/17] 在馆    
2 0136567   001697444   第二样本阅览室/ [索取号:TP271/17] 在馆    
唐山师范学院图书馆 欢迎您!
大连网信软件有限公司© 版权所有